000 00327nam a2200133Ia 4500
008 220204s9999 xx 000 0 und d
082 _a552.12
_bJEF
100 _aJEFFERY, P G
245 0 _aChemical methods of rock analysis.
250 _aEd.2
260 _aNew York
_bPergamon
_c1975
650 _aRock analysis
942 _cBK
999 _c33623
_d33623